000 00463nam a2200181Ia 4500
005 20250423095130.0
008 250422s9999 xx 000 0 und d
020 _a00772506784
050 _aLC 4015 .E38/
245 0 _aEducating exceptional children : annual editions 02/03
250 _a4th ed.
260 _aUSA
260 _bMcGraw Hill
260 _cc2007
300 _a223 p
650 _aEducating Exceptional Children _ Periodicals
942 _cBK
999 _c29339
_d29339